Focus update (Record no. 77675)

MARC details
000 -LEADER
fixed length control field 00886cab a2200253 4500
001 - CONTROL NUMBER
control field ##L134839
008 - FIXED-LENGTH DATA ELEMENTS--GENERAL INFORMATION
fixed length control field 060905n2006 000 0 eng u
035 ## - SYSTEM CONTROL NUMBER
System control number (Sirsi) u134839
041 0# - LANGUAGE CODE
Language code of text/sound track or separate title eng
100 1# - MAIN ENTRY--PERSONAL NAME
Personal name Taylor, Andrew
245 00 - TITLE STATEMENT
Title Focus update
Remainder of title South Wales
260 ## - PUBLICATION, DISTRIBUTION, ETC.
Date of publication, distribution, etc. 2006
490 #0 - SERIES STATEMENT
Series statement Estates Gazette
Volume/sequential designation (0635) 2 September 2006, 123-135(8)
520 ## - SUMMARY, ETC.
Summary, etc. Reports on the commercial property market in South Wales, including the St David's 2 retail development in Cardiff, office rents, availability and take-up in Cardiff, Swansea and Newport and the recovery of the industrial market in South Wales. Tables.
590 ## - LOCAL NOTE (RLIN)
Local note IKA190906
651 #4 - SUBJECT ADDED ENTRY--GEOGRAPHIC NAME
Geographic name SOUTH WALES
651 #4 - SUBJECT ADDED ENTRY--GEOGRAPHIC NAME
Geographic name CARDIFF
651 #4 - SUBJECT ADDED ENTRY--GEOGRAPHIC NAME
Geographic name SWANSEA
651 #4 - SUBJECT ADDED ENTRY--GEOGRAPHIC NAME
Geographic name NEWPORT
690 ## - LOCAL SUBJECT ADDED ENTRY--TOPICAL TERM (OCLC, RLIN)
Topical term or geographic name as entry element PROPERTY-COMMERCIAL PROPERTY-COMMERCIAL PROPERTY MARKET
700 1# - ADDED ENTRY--PERSONAL NAME
Personal name Jones, Neil
700 1# - ADDED ENTRY--PERSONAL NAME
Personal name Jack, Simon
942 ## - ADDED ENTRY ELEMENTS (KOHA)
Suppress in OPAC 0
Holdings
Withdrawn status Lost status Source of classification or shelving scheme Damaged status Not for loan Home library Current library Shelving location Date acquired Total Checkouts Full call number Barcode Date last seen Copy number Price effective from Koha item type
    Dewey Decimal Classification     London London Journal article 05/09/2006   L134839 134839-1001 06/08/2019 1 06/08/2019 Journal article